Leading U.S. States for Nuclear Power Generation - 2018 - Statistics

General Stats
  • This quiz has been taken 234 times
    165 since last reset
  • The average score is 11 of 14
Answer Stats
Production (million MWh) # of Active Reactors STATE % Correct
41.2 4 Texas
93%
42.9 6 New York
89%
29.3 4 Florida
88%
34.4 4 Georgia
82%
29.3 4 Virginia
80%
98.1 11 Illinois
78%
83.5 9 Pennsylvania
78%
42.1 5 North Carolina
77%
30.5 4 Michigan
73%
52.7 7 South Carolina
71%
36.2 4 Tennessee
70%
39.5 5 Alabama
67%
31.4 3 Arizona
65%
32.0 4 (1 closed 10/18) New Jersey
61%
No matching quizzes found
Score Distribution
Percent of People with Each Score
Percentile by Number Answered
Your Score History
You have not taken this quiz since the last reset